000 00331nam a22001217a 4500
008 190312b xxu||||| |||| 00| 0 eng d
041 _aeng
080 _a043.3
100 _a0
101 _aSHKI-BA
245 _aZhvillimi i një përkthyesi të Gjuhëve si UEB aplikacion përmes teknologjisë "React"
_cIsufi,N
942 _2udc
_cBK
999 _c54728
_d54728